লোডিং...

Introduction to Stochastic ProcessesG

গ্রন্থ-পঞ্জীর বিবরন
প্রধান লেখক: Hoel, Paul, G, (Hoel, Paul, G)
অন্যান্য লেখক: Port, Sidney, C, (Port, Sidney, C), Stone, Charles, J, ( Stone, Charles, J)
বিন্যাস: Printed Book
ভাষা:English
প্রকাশিত: New Delhi: Universal Book Stall, 1993.
বিষয়গুলি:
LEADER 01148nam a22002174a 4500
008 150131n ii |||gr||||Z||||||eng
082 |a 519.2 HOE 
100 |a Hoel, Paul, G,  |q (Hoel, Paul, G). 
245 |a Introduction to Stochastic ProcessesG  |c Hoel, Paul, G  |h Textual Documents 
260 |a New Delhi:  |b Universal Book Stall,  |c 1993. 
300 |a X,203p.:  |e 08568. 
630 |a Stochastic Processes. 
653 |a Markov Chain,Branching Chain,Queuing Chain,Martingale,Markov Pure Jump Processes,Second Order Processes,Stochastic Differential Equation,Continuity,Integration 
700 |a Port, Sidney, C,  |q (Port, Sidney, C). 
700 |a  Stone, Charles, J,  |q ( Stone, Charles, J). 
852 |t 1  |p STA08924  |b Text Books  |k 519.2 HOE  |f 00000  |c Shelf - 9 
852 |t 1  |p STA519.2 HOE  |b Text Books  |k 519.2 HOE  |f 00000  |c Shelf - 9 
942 |c BK 
999 |c 216375  |d 216375 
952 |0 0  |1 0  |4 0  |6 519_200000000000000_HOE  |7 0  |9 230398  |a STA  |b STA  |c Shelf - 9  |d 2019-12-11  |l 0  |o 519.2 HOE  |p STA08924  |r 2019-12-11  |t 1  |w 2019-12-11  |y BK 
952 |0 0  |1 0  |4 0  |6 519_200000000000000_HOE  |7 0  |9 230399  |a STA  |b STA  |c Shelf - 9  |d 2019-12-11  |l 0  |o 519.2 HOE  |p STA519.2 HOE  |r 2019-12-11  |t 1  |w 2019-12-11  |y BK